Vplyv reštrukturalizácie na základ dane z príjmov
Reštrukturalizácia je zákonom presne stanovený proces smerujúci k záchrane dlžníka, v ktorom sa dohodne dlžník s veriteľmi na vysporiadaní ich pohľadávok a zachová sa ďalšia prevádzka podniku dlžníka vrátane zamestnanosti aj po skončení reštrukturalizácie. Postupy účtovania v procese reštrukturalizá...
Enregistré dans:
| Auteur principal: | |
|---|---|
| Format: | Chapitre de livre |
| Langue: | slovaque |
| Sujets: | |
| Tags: |
Pas de tags, Soyez le premier à ajouter un tag!
|
MARC
| LEADER | 00000naa a2200000 4500 | ||
|---|---|---|---|
| 001 | 0234199 | ||
| 005 | 20221104112156.0 | ||
| 041 | 0 | |a slo | |
| 044 | |a SK | ||
| 245 | 1 | 0 | |a Vplyv reštrukturalizácie na základ dane z príjmov |c Jana Bielená |
| 520 | |a Reštrukturalizácia je zákonom presne stanovený proces smerujúci k záchrane dlžníka, v ktorom sa dohodne dlžník s veriteľmi na vysporiadaní ich pohľadávok a zachová sa ďalšia prevádzka podniku dlžníka vrátane zamestnanosti aj po skončení reštrukturalizácie. Postupy účtovania v procese reštrukturalizácie a základ dane. | ||
| 610 | 2 | 0 | |a reštrukturalizácia |
| 610 | 2 | 0 | |a postupy účtovné |
| 610 | 2 | 0 | |a dane |
| 100 | 1 | |a Bielená, Jana | |